| 000 | 00473nab a2200145Ia 4500 | ||
|---|---|---|---|
| 003 | ES-SlBCS | ||
| 005 | 20210601125754.0 | ||
| 008 | 140529s1994 xxu||||| |||| 00| 0 eng d | ||
| 041 | _aeng | ||
| 100 | 1 |
_aPrakash, Madhy Suri: Ed. _9164102 |
|
| 245 | 0 | 2 |
_aA Symposium on Education and Ecology. Nº Monográfico _c Madhy Suri: ed. Prakash |
| 650 | 0 | 4 |
_aEcología-Educación _9164103 |
| 773 | 0 |
_tEducational Theory _gvol. 44, nº. 2, 1994, págs. 135-258 _wRev1399 |
|
| 942 | _cAR | ||
| 999 |
_c535717 _d535717 |
||